000 00472nam a22001817a 4500
003 CEME
005 20210628203240.0
008 210208b xxu||||| |||| 00| 0 eng d
020 _a0-00-255498-4
040 _c.
082 _a355.02 ATK
100 _aAtkinson, Rick
_964264
245 _aCrusade the untold story of the gulf war
260 _aLAHORE
_bPAF BOOK CLUB
_c1995
300 _a575P
650 _aGULF WAR . STORY OF THE GULF WAR
_964265
942 _cBK
_2ddc
999 _c572817
_d572817